[Event "Muensterland Verbandsliga Gr2 2223"]
[Site "Germany"]
[Date "2022.10.22"]
[Round "2.8"]
[White "Hartmann, Mark"]
[Black "Schlueter, Andreas"]
[Result "1-0"]
[WhiteElo "1557"]
[BlackElo "1300"]
[PlyCount "51"]
[EventDate "2022.09.10"]
[EventType "team-tourn"]
[EventRounds "5"]
[EventCountry "GER"]
[SourceTitle "EXT 2024"]
[Source "ChessBase"]
[SourceDate "2023.10.10"]
[SourceVersion "1"]
[SourceVersionDate "2023.10.10"]
[SourceQuality "1"]
[WhiteTeam "Ahaus Wessum"]
[BlackTeam "Gescher"]
[WhiteTeamCountry "GER"]
[BlackTeamCountry "GER"]

1. d4 Nf6 2. c4 e6 3. Nc3 d5 4. e3 c6 5. Nf3 Bd6 6. Bd3 0-0 7. 0-0 Nbd7 8. e4 dxe4 9. Nxe4 Nxe4 10. Bxe4 Nf6 11. Bc2 h6 12. Qd3 Re8 13. Re1 Bf8 14. Bf4 Bd6 15. Ne5 Bxe5 16. Bxe5 g6 17. Qf3 Nd7 18. Rad1 Nxe5 19. dxe5 Qe7 20. Rd6 Rd8 21. c5 Rxd6 22. cxd6 Qd7 23. Re4 b6 24. Qf6 h5 25. g4 h4 26. g5 1-0

[Event "Muensterland Verbandsklasse-A 0910"]
[Site "Germany"]
[Date "2009.12.19"]
[Round "4.6"]
[White "Fehlings, Gerd"]
[Black "Hartmann, Mark"]
[Result "1-0"]
[WhiteElo "1722"]
[BlackElo "1543"]
[PlyCount "51"]
[EventDate "2009.09.19"]
[EventType "team-tourn"]
[EventRounds "9"]
[EventCountry "GER"]
[SourceTitle "EXT 2011"]
[Source "ChessBase"]
[SourceDate "2010.11.26"]
[SourceVersion "1"]
[SourceVersionDate "2010.11.26"]
[SourceQuality "1"]
[WhiteTeam "Emsdetten Rochade II"]
[BlackTeam "Ahaus Wessum II"]
[WhiteTeamCountry "GER"]
[BlackTeamCountry "GER"]

1. d4 d5 2. Nf3 Nf6 3. c4 c6 4. g3 g6 5. Bg2 Bg7 6. 0-0 0-0 7. Qb3 dxc4 8. Qxc4 Qb6 9. Nc3 Be6 10. Qd3 Na6 11. e4 Nb4 12. Qe2 Bg4 13. Be3 Qd8 14. a3 Na6 15. Rfd1 Nc7 16. h3 Bxf3 17. Bxf3 e6 18. Rd2 Qe7 19. Qc4 Rfd8 20. Rad1 e5 21. d5 cxd5 22. exd5 Qd7 23. Qb3 Qxh3 24. Qxb7 Nce8 25. Bg2 Qf5 26. d6 1-0